Normal view
MARC view
Entry Personal Name
001 - CONTROL NUMBER
- control field: 52901
003 - CONTROL NUMBER IDENTIFIER
- control field: ARRUPE
005 - DATE AND TIME OF LATEST TRANSACTION
- control field: 20251022075453.0
008 - FIXED-LENGTH DATA ELEMENTS
- fixed length control field: 251022|| aca||aabn | a|a d
040 ## - CATALOGING SOURCE
- Original cataloging agency: ARRUPE
- Transcribing agency: ARRUPE
100 ## - HEADING--PERSONAL NAME
- Personal name: Weinzierl, Ferrera,
- Titles and other words associated with a name: Sister
670 ## - SOURCE DATA FOUND
- Source citation: Work cat.: (ARRUPE)131964: Weinzierl, Ferrera, Sister, How beautiful the feet that bring good news, 2025